000 00501nam a2200181 4500
001 12047
005 20230410105400.0
008 060907n2000 dr spa
020 _a185649747X
035 _9funglode12142
041 _aEN
050 1 4 _aHB 501 B587n 2000
100 _aBiel, Robert
245 1 4 _aThe new imperialism :
_bcrisis and contradictions in North - South relations /
_cRobert Biel
260 _aLondon :
_bZed Books,
_c2000
300 _axi, 355 p.
942 _2lcc
_cbk
999 _c35559
_d35559